औदुंबर पुस्तकांSया सहवासात (Record no. 335167)

MARC details
000 -LEADER
fixed length control field 00710nam a2200169Ia 4500
008 - FIXED-LENGTH DATA ELEMENTS--GENERAL INFORMATION
fixed length control field 090711s9999 xx 000 0 und d
082 ## - DEWEY DECIMAL CLASSIFICATION NUMBER
Item number 247
100 ## - MAIN ENTRY--PERSONAL NAME
Personal name सावंत शशिकांत (संपा.)
245 ## - TITLE STATEMENT
Title औदुंबर पुस्तकांSया सहवासात
260 ## - PUBLICATION, DISTRIBUTION, ETC. (IMPRINT)
Name of publisher, distributor, etc औदुंबर प्रकाशन
Date of publication, distribution, etc 1998
300 ## - PHYSICAL DESCRIPTION
Extent 76
600 ## - SUBJECT ADDED ENTRY--PERSONAL NAME
Personal name सावंत शशिकांत (संपा.)
630 ## - SUBJECT ADDED ENTRY--UNIFORM TITLE
Uniform title औदुंबर पुस्तकांSया सहवासात
700 ## - ADDED ENTRY--PERSONAL NAME
Personal name सावंत शशिकांत (संपा.)
730 ## - ADDED ENTRY--UNIFORM TITLE
Uniform title औदुंबर पुस्तकांSया सहवासात
942 ## - ADDED ENTRY ELEMENTS (KOHA)
Koha item type Book

No items available.